LEADER 00965nam a2200205 4500 001 000000341616 003 CaOOAMICUS 005 20200819151337.0 008 200819s1829 it d 000 u ita r 026 $aE,A, tae- ie.E V.ME (3) 1829 (R) 040 $aSeMil$bita 245 00$aTomo 3. 264 1$aModena :$bPer G. Vincenzi e compagno,$c1829. 300 $a549, [3] p. ;$c4° 773 0 $tDizionario de' medicamenti ad uso de' medici e de' farmacisti ossia Trattato di farmacia, materia medica, e della parte di terapeutica ... Opera compilata sui migliori trattati di simili materie ... Tomo 1. [-4.].$dModena : Per G. Vincenzi e compagno, 1827-1832.$g3$w()341613 850 $aSeMil 852 $aSeMil$W1$xVenegono$y1$m3XF III 12 FA$j220835$B232622$CSeMilBibl$Z2$F232622 $8I 996 $6245$aTomo 3$9(OLS)http://semarc/title/53129 996 $6264$aModena :$bPer G. Vincenzi e compagno$9(OLS)http://semarc/publisher/58808 LEADER 00606nam a2200169 i 4500 001 000000230453 003 CaOOAMICUS 005 20140609000000.0 008 140609s1839 it u000 u fre u 013 $a209355 040 $aSeMil$bita 245 10$aTome 2., 2. partie. 300 $aP. 318-778. 773 0 $aStrauß, David Friedrich <1808-1874>$tVie de Jésus, ou Examen critique de son histoire.$dParis : Ladrange, 1839$g2$w()29649 850 $aSeMil 852 $aSeMil$W1$xVenegono$y1$m2X IV 19 FA$j180799$B180799$CSeMilBibl$Z2$F191699 $8I 996 $6245$aTome 2., 2. partie$9(OLS)http://semarc/title/317135